| 000 | 01312cam a22003377a 4500 | ||
|---|---|---|---|
| 003 | CHAP | ||
| 005 | 20220329142508.0 | ||
| 008 | 010703d mx r 00110 spa d | ||
| 010 | _a84296 | ||
| 011 | _a85268 | ||
| 035 | _a95799 | ||
| 040 | _cCHAP | ||
| 082 | 0 | 4 |
_a575.1 _bP44 |
| 100 | 0 | 0 |
_aPeña Ortega, Margarita Gisela. _986818 |
| 245 | 1 | 0 |
_aNotas de genética de poblaciones _c/por Margarita Gisela Peña Ortega |
| 260 |
_aChapingo, Méx. : _bUACH. Departamento de Fitotecnia, _c(2000]. |
||
| 300 | _a88 p. | ||
| 590 |
_aBATCH-UPD _b10 _c20130110 _lUCH01 _h1817 |
||
| 590 |
_aBATCH-UPD _b10 _c20130410 _lUCH01 _h1151 |
||
| 590 |
_aBATCH-UPD _b10 _c20130914 _lUCH01 _h1536 |
||
| 590 |
_aCONVERSION _b10 _c20130109 _lUCH01 _h1347 |
||
| 650 | 1 | 4 |
_aGenética. _947469 |
| 901 | _aBK | ||
| 905 | _aLilia Sánchez G. | ||
| 942 | _cLIBRO | ||
| 949 |
_a575.1 P44 _bBC _cLIBRO _d33724000837183 _eLIBRO _fc.2 _h100622 _i95799 _si |
||
| 949 |
_a575.1 P44 _bBC _cLIBRO _d33724000837241 _eLIBRO _h100621 _i95799 _si |
||
| 949 |
_a575.1 P44 _bBC _cLIBRO _d33724000837308 _eLIBRO _fc.3 _h100623 _i95799 _mAÞo de publicaciØn 1995 _si |
||
| 949 |
_a575.1 P44 _bBC _cLIBRO _d33724000837365 _eLIBRO _fc.4 _h100624 _i95799 _mAÞo de publicaciØn 2000 _si |
||
| 949 |
_a575.1 P44 _bBC _cUACH _d957994 _eUACH _fc.5 _h100625 _i95799 _mAÞo de publicaciØn 2000 _sb |
||
| 999 |
_c84296 _d84296 |
||